UBT Library

Two hundred years of American criminal justice : (Record no. 39744)

000 -LEADER
fixed length control field 00594nam a2200229 i 4500
001 - CONTROL NUMBER
control field 1773006
005 - DATE AND TIME OF LATEST TRANSACTION
control field 20180104081137.0
008 - FIXED-LENGTH DATA ELEMENTS--GENERAL INFORMATION
fixed length control field 761109s1976 dcua b f000 0 eng
010 ## - LIBRARY OF CONGRESS CONTROL NUMBER
LC control number 76602599
020 ## - INTERNATIONAL STANDARD BOOK NUMBER
Terms of availability $3.00
040 ## - CATALOGING SOURCE
Original cataloging agency DLC
Transcribing agency DLC
Modifying agency DLC
041 ## - LANGUAGE CODE
Language code of text/sound track or separate title eng
043 ## - GEOGRAPHIC AREA CODE
Geographic area code n-us---
080 ## - UNIVERSAL DECIMAL CLASSIFICATION NUMBER
Universal Decimal Classification number 364.973 LEA
082 00 - DEWEY DECIMAL CLASSIFICATION NUMBER
Classification number 364.973 LEA
100 ## - Rafti
Rafti 14
101 ## - Shkurtesa
Shkurtesa JUR
245 10 - TITLE STATEMENT
Title Two hundred years of American criminal justice :
504 ## - BIBLIOGRAPHY, ETC. NOTE
Bibliography, etc Bibliography: p. 166-169.
906 ## - LOCAL DATA ELEMENT F, LDF (RLIN)
a 7
b cbc
c orignew
d 3
e ncip
f 19
g y-gencatlg
942 ## - ADDED ENTRY ELEMENTS (KOHA)
Source of classification or shelving scheme
Item type Books
Holdings
Withdrawn status Lost status Source of classification or shelving scheme Damaged status Not for loan Collection code Permanent location Current location Shelving location Date acquired Total Checkouts Full call number Barcode Date last seen Price effective from Koha item type
          Koleksioni i përgjithshem UBT - Lipjan UBT - Lipjan Koleksioni i përgjithshem 01/04/2018   364.973 LEA 002-29719 01/04/2018 01/04/2018 Books
UBT Library © 2015-2024. All rights reserved University Education for Business and Technology